000 00367nam a22001457a 4500
999 _c8924
_d8924
003 GBCCL
005 20241126110701.0
008 220131b ||||| |||| 00| 0 eng d
040 _cgbc
082 _aSOU DOR
_b2021
245 _aEBCC Dorcas veng silver jubilee souvenir
260 _aDorcas veng:
_bEBCC Dorcas veng,
_c2021.
300 _a308p. ;
942 _2ddc
_cARCH